[Event "Aeroflot Open 2016 B"]
[Site "Moscu RUS"]
[Date "2016.03.03"]
[Round "3.18"]
[White "Evdokimov, Alexander A"]
[Black "Balashov, Yuri S"]
[Result "1-0"]
[WhiteElo "2490"]
[BlackElo "2408"]
[PlyCount "95"]
[EventDate "2016.03.01"]
[EventType "swiss"]
[EventRounds "9"]
[EventCountry "RUS"]
[Source "lmi"]
[SourceDate "2016.03.01"]

1. d4 f5 2. g3 Nf6 3. Bg2 g6 4. b4 Bg7 5. Bb2 O-O 6. Nf3 c6 7. c4 d5 8. Nbd2
Kh8 9. Ne5 Be6 10. c5 a5 11. a3 axb4 12. axb4 Na6 13. Nd3 Nc7 14. Nf3 Nb5 15.
Nfe5 Rxa1 16. Qxa1 Nd7 17. Nf3 Qa8 18. O-O Qxa1 19. Rxa1 Kg8 20. Bf1 Nf6 21.
Nd2 Ne8 22. Nb3 Nec7 23. e3 g5 24. f3 Ra8 25. Rxa8+ Nxa8 26. h3 Nac7 27. g4 h6
28. Kf2 Bc8 29. Ne1 e6 30. Bd3 Bf6 31. Nc2 Kg7 32. Bc1 h5 33. Bb2 hxg4 34. hxg4
Kf7 35. Ne1 Bd8 36. Be2 Ne8 37. Nd3 Nf6 38. Ne5+ Kg7 39. Na5 fxg4 40. Naxc6
bxc6 41. Nxc6 gxf3 42. Kxf3 e5 43. Bxb5 e4+ 44. Kg2 Bc7 45. Be2 Ng4 46. Bc1 Bd7
47. Na7 Nf6 48. Nb5 1-0

[Event "Aeroflot Open 2016 B"]
[Site "Moscu RUS"]
[Date "2016.03.03"]
[Round "3.19"]
[White "Kharchenko, Boris"]
[Black "Liu, Chang"]
[Result "1/2-1/2"]
[WhiteElo "2488"]
[BlackElo "2378"]
[PlyCount "80"]
[EventDate "2016.03.01"]
[EventType "swiss"]
[EventRounds "9"]
[EventCountry "RUS"]
[Source "lmi"]
[SourceDate "2016.03.01"]

1. e4 d6 2. d4 g6 3. Nc3 Bg7 4. Nf3 Nf6 5. Be2 c6 6. O-O O-O 7. h3 Qc7 8. Bf4
Nbd7 9. e5 dxe5 10. Nxe5 Nxe5 11. Bxe5 Qd8 12. Qd2 Bf5 13. Bf3 Be6 14. Rfe1 Rc8
15. Rad1 Bd5 16. Be2 Nd7 17. Bg3 Nf6 18. Bf1 Re8 19. Be5 Nd7 20. Bh2 Nf6 21. a3
a6 22. Bd3 b5 23. Nxd5 Nxd5 24. c3 e6 25. a4 Qb6 26. Ra1 Red8 27. Qe2 Ra8 28.
h4 h5 29. Qc2 Qb7 30. Be5 Qe7 31. Bxg7 Kxg7 32. g3 Rab8 33. Re5 Rd6 34. Rae1
Qc7 35. axb5 axb5 36. Be2 Nf6 37. Bf3 Nd7 38. R5e2 c5 39. dxc5 Qxc5 40. Rd2 Ne5
1/2-1/2

[Event "Aeroflot Open 2016 B"]
[Site "Moscu RUS"]
[Date "2016.03.03"]
[Round "3.20"]
[White "Oganian, Miran"]
[Black "Kotanjian, Tigran"]
[Result "1/2-1/2"]
[WhiteElo "2422"]
[BlackElo "2487"]
[PlyCount "150"]
[EventDate "2016.03.01"]
[EventType "swiss"]
[EventRounds "9"]
[EventCountry "RUS"]
[Source "lmi"]
[SourceDate "2016.03.01"]

1. d4 d5 2. c4 e6 3. Nf3 Nf6 4. g3 dxc4 5. Bg2 c5 6. O-O Nc6 7. Ne5 Bd7 8. Na3
cxd4 9. Naxc4 Bc5 10. Bf4 O-O 11. Qb3 Qc8 12. Nd3 Be7 13. Rac1 Nd5 14. Nd6 Bxd6
15. Bxd6 Rd8 16. Rfd1 Be8 17. Be5 Qd7 18. Nc5 Qe7 19. Bxd4 Rac8 20. Be3 Na5 21.
Qa3 b6 22. Bd2 Nc6 23. Nb3 Qxa3 24. bxa3 Ne5 25. Be1 Rxc1 26. Rxc1 Bb5 27. Nd4
Ba6 28. f4 Nc4 29. Nc6 Re8 30. Nxa7 Nxa3 31. Kf2 f5 32. Nc6 Nb5 33. a4 Nd6 34.
Nb4 Bb7 35. Nxd5 Bxd5 36. Bxd5 exd5 37. Rd1 Ne4+ 38. Kf3 Rd8 39. g4 g6 40. gxf5
gxf5 41. Rb1 Rd6 42. Rb5 Nf6 43. Bc3 d4 44. Bb2 Nd7 45. Rxf5 d3 46. Rg5+ Kf7
47. exd3 Rxd3+ 48. Ke4 Rd2 49. Bd4 Rxh2 50. Kd5 Rd2 51. Rg7+ Ke8 52. Kc4 h5 53.
f5 Ra2 54. Kb5 Rd2 55. Be3 Rc2 56. Rh7 Rc3 57. Bd4 Rd3 58. Rh8+ Kf7 59. Rh7+
Ke8 60. Kc4 Ra3 61. Kb4 Rd3 62. Bc3 Rh3 63. Kc4 h4 64. Be1 Ra3 65. Rh8+ Kf7 66.
Rh7+ Ke8 67. Bxh4 Rxa4+ 68. Kd5 Nc5 69. Bg5 Rg4 70. Bf6 Rf4 71. Rh5 Rf1 72. Bd4
Kf7 73. Rh7+ Kg8 74. Rh8+ Kf7 75. Rh7+ Kg8 1/2-1/2

[Event "Aeroflot Open 2016 B"]
[Site "Moscu RUS"]
[Date "2016.03.03"]
[Round "3.21"]
[White "Papin, Vasily"]
[Black "Abdulov, Orkhan"]
[Result "1-0"]
[WhiteElo "2476"]
[BlackElo "2354"]
[PlyCount "95"]
[EventDate "2016.03.01"]
[EventType "swiss"]
[EventRounds "9"]
[EventCountry "RUS"]
[Source "lmi"]
[SourceDate "2016.03.01"]

1. d4 g6 2. Nf3 Bg7 3. c4 d6 4. Nc3 Nf6 5. g3 O-O 6. Bg2 Nbd7 7. O-O e5 8. h3
exd4 9. Nxd4 Re8 10. e4 Nc5 11. Re1 Nfd7 12. Be3 Ne5 13. b3 a5 14. Re2 a4 15.
Rb1 axb3 16. axb3 Nc6 17. Ndb5 Bd7 18. Rd2 Ne6 19. Nd5 Ne5 20. Ndxc7 Nxc7 21.
Nxd6 Re7 22. f4 Nc6 23. Nxb7 Qc8 24. e5 Ne6 25. Nd6 Qb8 26. Nxf7 Kxf7 27. Rxd7
Ra6 28. Rd6 Nb4 29. Rxa6 Nxa6 30. b4 Qc8 31. c5 Rd7 32. Qb3 Qd8 33. Bf1 Nac7
34. Bc4 Qa8 35. b5 Qe4 36. c6 Rd8 37. Bf2 Rd2 38. b6 Rxf2 39. Kxf2 Bf8 40. bxc7
Bc5+ 41. Kf1 Qh1+ 42. Ke2 Qg2+ 43. Kd1 Qg1+ 44. Kd2 Qf2+ 45. Be2 Qd4+ 46. Qd3
Bb4+ 47. Kd1 Qg1+ 48. Bf1 1-0

[Event "Aeroflot Open 2016 B"]
[Site "Moscu RUS"]
[Date "2016.03.03"]
[Round "3.22"]
[White "Savitskiy, Sergey"]
[Black "Badmatsyrenov, Oleg"]
[Result "1/2-1/2"]
[WhiteElo "2407"]
[BlackElo "2475"]
[PlyCount "77"]
[EventDate "2016.03.01"]
[EventType "swiss"]
[EventRounds "9"]
[EventCountry "RUS"]
[Source "lmi"]
[SourceDate "2016.03.01"]

1. e4 c5 2. Nf3 Nc6 3. Bb5 Qb6 4. Nc3 e6 5. Bxc6 Qxc6 6. d4 cxd4 7. Nxd4 Qc7 8.
O-O a6 9. Re1 f6 10. Kh1 b5 11. Qf3 Bb7 12. Bf4 e5 13. Nd5 Qb8 14. Bg3 Bxd5 15.
exd5 Nh6 16. Rad1 Bd6 17. Nf5 Nxf5 18. Qxf5 Qc7 19. f4 O-O 20. fxe5 fxe5 21.
Qe4 b4 22. Rc1 Rac8 23. c4 bxc3 24. Rxc3 Qa5 25. Rxc8 Rxc8 26. h3 Qxa2 27. Qg4
Rd8 28. Bh4 Qa5 29. Rc1 Rf8 30. Qxd7 Qb4 31. Qe6+ Kh8 32. Bg3 Qxb2 33. Rc8 h6
34. Rxf8+ Bxf8 35. Bxe5 Qc1+ 36. Kh2 Bc5 37. Qc8+ Kh7 38. Qf5+ Kg8 39. Qc8+
1/2-1/2

[Event "Aeroflot Open 2016 B"]
[Site "Moscu RUS"]
[Date "2016.03.03"]
[Round "3.23"]
[White "Moskalenko, Alexander"]
[Black "Von Meijenfeldt, Bart"]
[Result "1-0"]
[WhiteElo "2475"]
[BlackElo "2295"]
[PlyCount "67"]
[EventDate "2016.03.01"]
[EventType "swiss"]
[EventRounds "9"]
[EventCountry "RUS"]
[Source "lmi"]
[SourceDate "2016.03.01"]

1. d4 Nf6 2. c4 g6 3. Nc3 Bg7 4. g3 O-O 5. Bg2 d6 6. Nf3 Nc6 7. O-O a6 8. Qd3
e5 9. dxe5 dxe5 10. Qxd8 Rxd8 11. Bg5 Re8 12. Rfd1 h6 13. Bxf6 Bxf6 14. Nd2 Bd8
15. Nb3 f5 16. Bxc6 bxc6 17. Na5 c5 18. Nc6 Be6 19. Nd5 Bxd5 20. Rxd5 Bf6 21.
Rad1 e4 22. b3 e3 23. f4 Re6 24. Rxc5 g5 25. Kg2 Rae8 26. Rd7 gxf4 27. gxf4 Bg7
28. Ne5 Bxe5 29. fxe5 Rxe5 30. Rxe5 Rxe5 31. Rxc7 Re4 32. Kf3 Rh4 33. Ra7 Rxh2
34. Kxe3 1-0

[Event "Aeroflot Open 2016 B"]
[Site "Moscu RUS"]
[Date "2016.03.03"]
[Round "3.24"]
[White "Vavulin, Maksim"]
[Black "Zhang, Ziji"]
[Result "1-0"]
[WhiteElo "2456"]
[BlackElo "2283"]
[PlyCount "87"]
[EventDate "2016.03.01"]
[EventType "swiss"]
[EventRounds "9"]
[EventCountry "RUS"]
[Source "lmi"]
[SourceDate "2016.03.01"]

1. e4 c5 2. Nf3 d6 3. d4 cxd4 4. Nxd4 Nf6 5. Nc3 Nc6 6. Bc4 Bd7 7. Bb3 g6 8. f3
Bg7 9. Be3 O-O 10. Qd2 Na5 11. Bh6 Bxh6 12. Qxh6 e5 13. Nde2 b5 14. h4 b4 15.
Nd1 Nxb3 16. axb3 d5 17. exd5 Nxd5 18. h5 Qe7 19. Ra5 Bc6 20. Ne3 Rad8 21. Ng3
Nxe3 22. Qxe3 Rd1+ 23. Kxd1 Qd8+ 24. Kc1 Qxa5 25. Kb1 Re8 26. hxg6 fxg6 27. Nf5
Qc7 28. Nh6+ Kh8 29. Ng4 Re6 30. Re1 e4 31. Qd4+ Qg7 32. Qxb4 h5 33. Nf2 e3 34.
Nd1 e2 35. Nc3 Qd7 36. Rxe2 Rxe2 37. Nxe2 Qd1+ 38. Nc1 Bd7 39. Qb8+ Kh7 40.
Qxa7 h4 41. b4 Kh6 42. Qe3+ g5 43. b5 Bf5 44. Qc5 1-0

[Event "Aeroflot Open 2016 B"]
[Site "Moscu RUS"]
[Date "2016.03.03"]
[Round "3.25"]
[White "Kulkarni, Rakesh"]
[Black "Kashlinskaya, Alina"]
[Result "0-1"]
[WhiteElo "2357"]
[BlackElo "2454"]
[PlyCount "110"]
[EventDate "2016.03.01"]
[EventType "swiss"]
[EventRounds "9"]
[EventCountry "RUS"]
[Source "lmi"]
[SourceDate "2016.03.01"]

1. e4 e6 2. d4 d5 3. Nd2 c5 4. exd5 Qxd5 5. dxc5 Bxc5 6. Ngf3 Nf6 7. Bc4 Qh5 8.
O-O O-O 9. Be2 Rd8 10. Qe1 Nc6 11. Nb3 Bb6 12. h3 h6 13. Nfd4 Qh4 14. Nxc6 bxc6
15. a4 e5 16. a5 Bc7 17. Qc3 Nd5 18. Qxc6 Bxh3 19. Rd1 Be6 20. Rxd5 Bxd5 21.
Qxc7 Qe4 22. Bf1 Rdc8 23. Qd7 Rd8 24. Qa4 Qxc2 25. Nd2 Qxa4 26. Rxa4 Rac8 27.
Ra1 e4 28. b4 Rc2 29. Ba6 Rb8 30. Nf1 Rxb4 31. Ne3 Ra2 32. Nxd5 Rxa1 33. Nxb4
Rxc1+ 34. Kh2 Rc5 35. Bf1 Rxa5 36. Na6 Ra3 37. g4 e3 38. fxe3 Rxe3 39. Kg2 Kh7
40. Nc5 Kg6 41. Ne4 a5 42. Kf2 Rxe4 43. Bd3 Kg5 44. Bxe4 Kxg4 45. Bc6 f5 46.
Bd7 Kf4 47. Be8 g5 48. Bd7 h5 49. Be8 h4 50. Ba4 g4 51. Be8 h3 52. Bd7 g3+ 53.
Kf1 Ke4 54. Bc6+ Ke3 55. Bd7 h2 0-1

[Event "Aeroflot Open 2016 B"]
[Site "Moscu RUS"]
[Date "2016.03.03"]
[Round "3.26"]
[White "Melia, Salome"]
[Black "Kathmale, Sameer"]
[Result "1/2-1/2"]
[WhiteElo "2452"]
[BlackElo "2216"]
[PlyCount "44"]
[EventDate "2016.03.01"]
[EventType "swiss"]
[EventRounds "9"]
[EventCountry "RUS"]
[Source "lmi"]
[SourceDate "2016.03.01"]

1. e4 c6 2. Nc3 d5 3. Nf3 Bg4 4. h3 Bh5 5. exd5 cxd5 6. g4 Bg6 7. Ne5 Nc6 8. d4
e6 9. h4 f6 10. Nxg6 hxg6 11. Qd3 Nge7 12. Ne2 g5 13. h5 Qb6 14. c3 e5 15. Bg2
O-O-O 16. Qc2 exd4 17. cxd4 Kb8 18. Qb3 Qxb3 19. axb3 Nb4 20. O-O Nec6 21. Rd1
Bd6 22. Bd2 Rhe8 1/2-1/2

[Event "Aeroflot Open 2016 B"]
[Site "Moscu RUS"]
[Date "2016.03.03"]
[Round "3.27"]
[White "Schreiner, Peter"]
[Black "Li, Yankai"]
[Result "1-0"]
[WhiteElo "2446"]
[BlackElo "2175"]
[PlyCount "151"]
[EventDate "2016.03.01"]
[EventType "swiss"]
[EventRounds "9"]
[EventCountry "RUS"]
[Source "lmi"]
[SourceDate "2016.03.01"]

1. Nf3 Nf6 2. g3 e6 3. Bg2 d5 4. O-O Be7 5. c4 O-O 6. d4 dxc4 7. Qc2 a6 8. a4
Bd7 9. Rd1 Bc6 10. Nc3 Bb4 11. Bg5 Nbd7 12. Ne5 Bxg2 13. Kxg2 Qc8 14. Bxf6 Nxf6
15. Na2 Be7 16. Qxc4 Rd8 17. b4 Nd7 18. Nf3 Nb6 19. Qb3 Qd7 20. a5 Nc8 21. Rac1
c6 22. Nc3 Qd6 23. Rb1 Bf8 24. Qc2 h6 25. Na4 Ne7 26. Nc5 Qc7 27. Ne5 Nf5 28.
e3 Nd6 29. Na4 Nb5 30. Qb2 Rab8 31. Nb6 Bd6 32. Nd3 Qe7 33. Nc5 Bxc5 34. bxc5
Qf6 35. Rd2 Qf5 36. Rbd1 Qe4+ 37. Kg1 Re8 38. Qc2 Qxc2 39. Rxc2 Rbd8 40. Rcd2
Nc3 41. Rc1 Nb5 42. Rdd1 f6 43. f4 h5 44. Nc4 Re7 45. Kf2 g6 46. Rg1 Rh7 47.
Kf3 Kf7 48. Rb1 Ke7 49. Rb2 Rdh8 50. Nd2 Rg8 51. Ne4 Rd8 52. Nd2 Rg8 53. Nc4
Rgh8 54. Rbg2 Rg8 55. Nd2 Rgh8 56. Ne4 Rd8 57. Nf2 e5 58. dxe5 fxe5 59. Ne4 Rd3
60. Rd2 Rxd2 61. Nxd2 Ke6 62. Nc4 exf4 63. gxf4 Kf6 64. h4 Rg7 65. Rd1 Re7 66.
Nd6 Nc3 67. Rc1 Na4 68. Rc4 Nb2 69. Rd4 Ke6 70. e4 Rd7 71. Ke3 g5 72. hxg5 h4
73. Kf3 h3 74. Kg3 Rh7 75. Kh2 Rh4 76. e5 1-0

[Event "Aeroflot Open 2016 B"]
[Site "Moscu RUS"]
[Date "2016.03.03"]
[Round "3.28"]
[White "Baghdasaryan, Vahe"]
[Black "Spichkin, Alexander"]
[Result "1-0"]
[WhiteElo "2436"]
[BlackElo "2130"]
[PlyCount "131"]
[EventDate "2016.03.01"]
[EventType "swiss"]
[EventRounds "9"]
[EventCountry "RUS"]
[Source "lmi"]
[SourceDate "2016.03.01"]

1. b3 d5 2. Bb2 Bf5 3. d3 e6 4. Nd2 Nf6 5. g3 Be7 6. Bg2 c6 7. e4 Bg6 8. Ne2
Nbd7 9. e5 Ng8 10. Nf4 Bg5 11. Qf3 Qc7 12. Qe3 Qb6 13. Bd4 c5 14. Bb2 Qb4 15.
d4 Ne7 16. a3 Qa5 17. b4 cxd4 18. Qxd4 Qb6 19. Nxg6 Qxd4 20. Bxd4 Bxd2+ 21.
Kxd2 hxg6 22. c4 Nc6 23. Kc3 Nxd4 24. Kxd4 Nb6 25. c5 Nd7 26. h4 Ke7 27. a4
Rhc8 28. Rhc1 Rc7 29. Bf1 Rac8 30. Rc3 a5 31. bxa5 Nxc5 32. Bb5 Ne4 33. Rxc7+
Rxc7 34. Ra2 f6 35. a6 bxa6 36. Bxa6 Nc5 37. exf6+ gxf6 38. Bb5 Kd6 39. a5 Nb3+
40. Ke3 Rc3+ 41. Kf4 Rc8 42. a6 Nd4 43. a7 Ra8 44. Be8 g5+ 45. hxg5 fxg5+ 46.
Kxg5 Ke7 47. Bg6 Nc6 48. Ra6 Nxa7 49. f4 d4 50. Kh6 Kf6 51. g4 Rh8+ 52. Bh7 Nb5
53. Rb6 Nc7 54. g5+ Ke7 55. g6 Ne8 56. Rb7+ Kd6 57. Rb8 Kc7 58. Ra8 d3 59. g7
Nxg7 60. Rxh8 d2 61. Bc2 Nf5+ 62. Kg5 Ne3 63. Ba4 d1=Q 64. Bxd1 Nxd1 65. Kf6
Kd7 66. Rh7+ 1-0

[Event "Aeroflot Open 2016 B"]
[Site "Moscu RUS"]
[Date "2016.03.03"]
[Round "3.29"]
[White "Bashirli, Nail"]
[Black "Guo, Qi"]
[Result "0-1"]
[WhiteElo "2332"]
[BlackElo "2435"]
[PlyCount "94"]
[EventDate "2016.03.01"]
[EventType "swiss"]
[EventRounds "9"]
[EventCountry "RUS"]
[Source "lmi"]
[SourceDate "2016.03.01"]

1. e4 c6 2. d4 d5 3. Nc3 dxe4 4. Nxe4 Nd7 5. Ng5 Ngf6 6. Bd3 Qc7 7. N1f3 h6 8.
Ne6 fxe6 9. Bg6+ Kd8 10. O-O b6 11. Qe2 c5 12. Ne5 Nxe5 13. dxe5 Nd7 14. Rd1
Bb7 15. Bf4 c4 16. Rd4 Bd5 17. Rad1 Qc6 18. f3 b5 19. h4 h5 20. Kh2 Kc8 21. Qf2
Nb6 22. Bg5 Rh6 23. Bxh6 gxh6 24. Qg3 Bg7 25. Be8 Bxe5 26. Qxe5 Qxe8 27. Qg7
Kd7 28. Qxh6 Qh8 29. Qe3 Rf8 30. b3 Qg7 31. Qf2 Ke8 32. a4 cxb3 33. cxb3 Bxb3
34. Re1 bxa4 35. Rde4 Bd5 36. Re5 Qh6 37. Qe2 Qf4+ 38. Kg1 Qd4+ 39. Qf2 Qxf2+
40. Kxf2 Rh8 41. f4 a3 42. f5 Rf8 43. g4 Nc4 44. R5e2 hxg4 45. Kg3 Rxf5 46. Ra1
Kf7 47. Rh2 Kg6 0-1

[Event "Aeroflot Open 2016 B"]
[Site "Moscu RUS"]
[Date "2016.03.03"]
[Round "3.30"]
[White "Gomes, Mary Ann"]
[Black "Sagar, Shah"]
[Result "1/2-1/2"]
[WhiteElo "2312"]
[BlackElo "2425"]
[PlyCount "118"]
[EventDate "2016.03.01"]
[EventType "swiss"]
[EventRounds "9"]
[EventCountry "RUS"]
[Source "lmi"]
[SourceDate "2016.03.01"]

1. Nf3 Nf6 2. c4 e6 3. g3 d5 4. Bg2 Be7 5. O-O O-O 6. b3 c5 7. Bb2 Nc6 8. cxd5
Nxd5 9. d4 cxd4 10. Nxd4 Bd7 11. e4 Nf6 12. Nc2 Nb4 13. Nxb4 Bxb4 14. a3 Be7
15. Nc3 Bc6 16. e5 Nd5 17. Nxd5 Bxd5 18. Bxd5 Qxd5 19. Qxd5 exd5 20. Rfd1 Rfd8
21. Rac1 b6 22. Rc7 Kf8 23. a4 Ke8 24. Rb7 h5 25. Kg2 g6 26. Rd3 g5 27. Bc1 Rd7
28. Rxd7 Kxd7 29. Rxd5+ Ke6 30. Rd3 Rc8 31. Bd2 Rc2 32. Be3 g4 33. h3 Rb2 34.
hxg4 hxg4 35. Rc3 Kxe5 36. Rc7 Bc5 37. Bxc5 bxc5 38. Rxc5+ Ke6 39. Rb5 Rb1 40.
b4 f5 41. Rb7 a6 42. Rb6+ Ke7 43. a5 Kf7 44. Rxa6 Rxb4 45. Kf1 Ra4 46. Ra8 Ra2
47. a6 Kg7 48. a7 Kh7 49. Ke1 Kg7 50. Kd1 Ra1+ 51. Kc2 Ra2+ 52. Kb3 Ra1 53. Kb4
Ra2 54. Kc5 Rc2+ 55. Kd4 Rd2+ 56. Ke5 Re2+ 57. Kd4 Rd2+ 58. Ke3 Ra2 59. Kd4
Rd2+ 1/2-1/2

[Event "Aeroflot Open 2016 B"]
[Site "Moscu RUS"]
[Date "2016.03.03"]
[Round "3.31"]
[White "Mirzoyan, David"]
[Black "Deviatkin, Andrei"]
[Result "1/2-1/2"]
[WhiteElo "2241"]
[BlackElo "2528"]
[PlyCount "94"]
[EventDate "2016.03.01"]
[EventType "swiss"]
[EventRounds "9"]
[EventCountry "RUS"]
[Source "lmi"]
[SourceDate "2016.03.01"]

1. Nf3 Nc6 2. d4 d5 3. e3 e6 4. c4 g6 5. Nc3 Bg7 6. g3 Nf6 7. Bg2 O-O 8. O-O b6
9. Ne5 Bb7 10. Nxc6 Bxc6 11. b4 Qd7 12. b5 Bb7 13. a4 c5 14. bxc6 Bxc6 15. Ba3
Rfc8 16. c5 Ne4 17. Nxe4 dxe4 18. Qb1 e5 19. cxb6 exd4 20. Bxe4 axb6 21. Bxc6
Rxc6 22. Rd1 Rc4 23. Bb2 Rb4 24. exd4 Raxa4 25. Rxa4 Qxa4 26. Qa1 Qc2 27. Rc1
Qxb2 28. Qa8+ Bf8 29. Rc8 Kg7 30. Rxf8 Qxd4 31. Rg8+ Kh6 32. Qf8+ Kg5 33. Qxf7
Rb1+ 34. Kg2 Qe4+ 35. Kh3 Qg4+ 36. Kg2 Qe4+ 37. Kh3 Qf5+ 38. Qxf5+ Kxf5 39. g4+
Kg5 40. f3 h5 41. gxh5 Kxh5 42. Kg3 Kg5 43. h4+ Kf6 44. Kg4 b5 45. Rf8+ Ke7 46.
Rb8 Kf6 47. Rb6+ Kg7 1/2-1/2

[Event "Aeroflot Open 2016 B"]
[Site "Moscu RUS"]
[Date "2016.03.03"]
[Round "3.32"]
[White "Raja, Harshit"]
[Black "Babujian, Levon"]
[Result "0-1"]
[WhiteElo "2341"]
[BlackElo "2491"]
[PlyCount "120"]
[EventDate "2016.03.01"]
[EventType "swiss"]
[EventRounds "9"]
[EventCountry "RUS"]
[Source "lmi"]
[SourceDate "2016.03.01"]

1. e4 e5 2. Nf3 Nc6 3. Bb5 a6 4. Ba4 Nf6 5. O-O Be7 6. d3 b5 7. Bb3 O-O 8. Nc3
d6 9. a3 Bb7 10. h3 Qd7 11. Be3 Na5 12. Ba2 c5 13. Nd5 Nxd5 14. exd5 Bc8 15. b4
Nb7 16. bxc5 Nxc5 17. Bxc5 dxc5 18. Nxe5 Qc7 19. Qh5 Bd6 20. f4 Bb7 21. Rae1
Rae8 22. Nc6 Rxe1 23. Rxe1 c4 24. dxc4 bxc4 25. Bxc4 Qb6+ 26. Kh1 Qf2 27. Rf1
Qxc2 28. Qe2 Qa4 29. Qe4 Qxa3 30. Bd3 g6 31. Ne5 Re8 32. Rb1 Bc8 33. Qd4 a5 34.
Nc4 Bc5 35. Nxa3 Bxd4 36. Bb5 Rd8 37. Bc6 Ba6 38. Rd1 Bb2 39. Nc2 Rd6 40. Nd4
Bc4 41. Nb5 Rd8 42. Rd2 Bf6 43. d6 a4 44. Na3 Bb3 45. d7 Be7 46. Nb1 Kg7 47.
Re2 Kf8 48. Nd2 Bc2 49. Ne4 Bd1 50. Re1 Bc2 51. Nc3 a3 52. Nd5 a2 53. Nxe7 Bb1
54. Nf5 Bxf5 55. Ra1 Be6 56. Kh2 Ke7 57. Kg3 Rb8 58. Be4 Kxd7 59. Kf3 Rb2 60.
Ke3 f5 0-1

[Event "Aeroflot Open 2016 B"]
[Site "Moscu RUS"]
[Date "2016.03.03"]
[Round "3.33"]
[White "Vaishali, R."]
[Black "Petrosyan, Manuel"]
[Result "1/2-1/2"]
[WhiteElo "2337"]
[BlackElo "2484"]
[PlyCount "252"]
[EventDate "2016.03.01"]
[EventType "swiss"]
[EventRounds "9"]
[EventCountry "RUS"]
[Source "lmi"]
[SourceDate "2016.03.01"]

1. e4 c5 2. Nf3 e6 3. d4 cxd4 4. Nxd4 a6 5. Be2 Nf6 6. Nc3 Qc7 7. O-O Be7 8.
Be3 O-O 9. f4 d6 10. a4 Nc6 11. Kh1 Bd7 12. Nb3 Na5 13. e5 Ne8 14. Nxa5 Qxa5
15. Ne4 Qc7 16. a5 Bc6 17. Bb6 Qd7 18. Qd4 f5 19. exd6 Bxe4 20. dxe7 Qxe7 21.
c4 Rc8 22. Rad1 Nf6 23. Kg1 Qf7 24. Bf3 e5 25. fxe5 Rxc4 26. Qd6 Rc6 27. Qd4
Bxf3 28. Rxf3 Ne4 29. Rdf1 h6 30. h3 Qe6 31. Rd1 Kh7 32. Qd7 Rf7 33. Qxe6 Rxe6
34. Rd5 g5 35. g4 Kg6 36. Re3 h5 37. Kg2 h4 38. gxf5+ Kxf5 39. Rf3+ Kg6 40.
Rxf7 Kxf7 41. Kf3 Ng3 42. Be3 Nf5 43. Bxg5 b6 44. Kf4 Kg6 45. Bd8 bxa5 46. Rd2
Ng7 47. Bxh4 Rb6 48. Be7 Rb3 49. h4 Kf7 50. Ba3 Rh3 51. Rd7+ Kg8 52. Kg4 Rh2
53. Rd8+ Kf7 54. Rf8+ Ke6 55. Rf6+ Kxe5 56. Rxa6 Ke4 57. Rxa5 Rg2+ 58. Kh3 Rd2
59. Rg5 Nf5 60. Kg4 Ne3+ 61. Kh5 Nd5 62. Kh6 Rc2 63. h5 Ne3 64. Rg8 Nf5+ 65.
Kg6 Rg2+ 66. Kh7 Rh2 67. Re8+ Kf4 68. Kg6 Rg2+ 69. Kf6 Rc2 70. Re6 Rd2 71. Rb6
Ke4 72. Re6+ Kf4 73. Rb6 Ke4 74. Rb4+ Nd4 75. Kg6 Rg2+ 76. Kh7 Ke5 77. Rb8 Ne6
78. Bb4 Ng5+ 79. Kg6 Ne4+ 80. Kh6 Rc2 81. Rb6 Kf5 82. Bf8 Ng3 83. Bg7 Kg4 84.
Rb4+ Kf3 85. Bc3 Ne4 86. Rc4 Rh2 87. Rc7 Kg4 88. Rg7+ Kf5 89. Rg1 Rh3 90. Be1
Rb3 91. Rf1+ Ke5 92. Bc3+ Nxc3 93. bxc3 Rxc3 94. Kg7 Rg3+ 95. Kf7 Rh3 96. Ra1
Rf3+ 97. Kg6 Rg3+ 98. Kh7 Kf6 99. Ra7 Rh3 100. h6 Rh1 101. Rg7 Rh2 102. Rg1 Kf7
103. Rf1+ Ke7 104. Rf4 Rg2 105. Kh8 Rg6 106. Rh4 Rg1 107. Ra4 Kf7 108. Ra7+ Kf8
109. Kh7 Rg2 110. Rg7 Rh2 111. Kg6 Rg2+ 112. Kh7 Rh2 113. Rg1 Kf7 114. Rf1+ Ke7
115. Kg7 Rg2+ 116. Kh8 Rg3 117. h7 Rg2 118. Ra1 Kf7 119. Ra7+ Kf8 120. Ra8+ Kf7
121. Rg8 Rf2 122. Rg3 Rf1 123. Rg2 Rf3 124. Rg7+ Kf8 125. Rg8+ Kf7 126. Rg7+
Kf8 1/2-1/2

[Event "Aeroflot Open 2016 B"]
[Site "Moscu RUS"]
[Date "2016.03.03"]
[Round "3.34"]
[White "Ziaziulkina, Nastassia"]
[Black "Praggnanandhaa, R."]
[Result "1-0"]
[WhiteElo "2401"]
[BlackElo "2339"]
[PlyCount "99"]
[EventDate "2016.03.01"]
[EventType "swiss"]
[EventRounds "9"]
[EventCountry "RUS"]
[Source "lmi"]
[SourceDate "2016.03.01"]

1. e4 e5 2. Nf3 Nc6 3. Bb5 a6 4. Ba4 Nf6 5. O-O b5 6. Bb3 Bb7 7. d3 Be7 8. Nc3
O-O 9. a3 d6 10. Re1 Qd7 11. Ne2 Nd8 12. Ng3 Ne6 13. c3 Rfe8 14. d4 Bf8 15. Bg5
Nxg5 16. Nxg5 d5 17. dxe5 Rxe5 18. Nf3 Ree8 19. e5 Ng4 20. h3 Nh6 21. Qd3 Rad8
22. Bc2 g6 23. Nh5 Bg7 24. Nf6+ Bxf6 25. exf6 Qd6 26. Qd2 Qf8 27. Re7 Bc8 28.
Rae1 Nf5 29. Bxf5 Bxf5 30. Ng5 Be4 31. Rxf7 Qxf7 32. Nxf7 Kxf7 33. f3 Bf5 34.
Rxe8 Rxe8 35. Qxd5+ Kxf6 36. Qc6+ Re6 37. Qxc7 h5 38. g4 hxg4 39. hxg4 Bc2 40.
f4 Bb3 41. c4 Re1+ 42. Kf2 Rc1 43. c5 Rc2+ 44. Ke3 Rc1 45. c6 Re1+ 46. Kf2 Re7
47. Qd8 Be6 48. c7 Bxg4 49. c8=Q Bxc8 50. Qxc8 1-0

[Event "Aeroflot Open 2016 B"]
[Site "Moscu RUS"]
[Date "2016.03.03"]
[Round "3.35"]
[White "Demianjuk, Alexander"]
[Black "Derakhshani, Dorsa"]
[Result "1-0"]
[WhiteElo "2336"]
[BlackElo "2401"]
[PlyCount "57"]
[EventDate "2016.03.01"]
[EventType "swiss"]
[EventRounds "9"]
[EventCountry "RUS"]
[Source "lmi"]
[SourceDate "2016.03.01"]

1. d4 Nf6 2. c4 e6 3. Nf3 b6 4. a3 Bb7 5. Nc3 Be7 6. d5 d6 7. e4 c6 8. dxe6
fxe6 9. e5 dxe5 10. Qxd8+ Bxd8 11. Nxe5 Bc7 12. Nd3 Nbd7 13. Bf4 Bxf4 14. Nxf4
O-O 15. Be2 Rae8 16. O-O-O Nc5 17. Nh5 Nxh5 18. Bxh5 g6 19. Bf3 Rf4 20. b4 Nb3+
21. Kb1 Rxc4 22. Ne4 Re7 23. Kb2 Nd4 24. Nd6 Nxf3 25. Nxc4 Nh4 26. Rd8+ Kg7 27.
Rhd1 Ba6 28. R1d7 Kf6 29. Ne3 1-0

[Event "Aeroflot Open 2016 B"]
[Site "Moscu RUS"]
[Date "2016.03.03"]
[Round "3.36"]
[White "Slavin, Alexey"]
[Black "Oganisian, Roman"]
[Result "1-0"]
[WhiteElo "2384"]
[BlackElo "2337"]
[PlyCount "45"]
[EventDate "2016.03.01"]
[EventType "swiss"]
[EventRounds "9"]
[EventCountry "RUS"]
[Source "lmi"]
[SourceDate "2016.03.01"]

1. d4 Nf6 2. Nf3 c5 3. d5 e6 4. Nc3 exd5 5. Nxd5 Nxd5 6. Qxd5 d6 7. Ng5 Qe7 8.
Bf4 Be6 9. Nxe6 fxe6 10. Qb3 Nc6 11. e3 d5 12. c4 O-O-O 13. cxd5 exd5 14. g3
Ne5 15. O-O-O g5 16. Bxe5 Qxe5 17. Bg2 Bg7 18. Bxd5 Qe7 19. Rd2 Kb8 20. Rhd1
Rd7 21. Bc6 Rc7 22. Rd7 Qe5 23. Rd8+ 1-0

[Event "Aeroflot Open 2016 B"]
[Site "Moscu RUS"]
[Date "2016.03.03"]
[Round "3.37"]
[White "Ovod, Evgenija"]
[Black "Soumya, Swaminathan"]
[Result "1/2-1/2"]
[WhiteElo "2324"]
[BlackElo "2384"]
[PlyCount "111"]
[EventDate "2016.03.01"]
[EventType "swiss"]
[EventRounds "9"]
[EventCountry "RUS"]
[Source "lmi"]
[SourceDate "2016.03.01"]

1. d4 Nf6 2. Bg5 d5 3. e3 c5 4. Bxf6 exf6 5. Nc3 Nc6 6. Nge2 Be6 7. g3 cxd4 8.
exd4 Bd6 9. Bg2 Ne7 10. O-O a6 11. Qd2 Qc7 12. Nd1 O-O 13. Ne3 Rac8 14. c3 Qd7
15. Rfe1 Bb8 16. Nc1 Bh3 17. Bh1 f5 18. f4 g5 19. Nd3 gxf4 20. gxf4 Kh8 21. Bf3
Ng6 22. Qf2 Bxf4 23. Nxd5 Qd6 24. N5xf4 Nxf4 25. Nxf4 Qxf4 26. Bg2 Qg4 27. Re3
Bxg2 28. Rg3 Qe4 29. Re1 Qd5 30. Re5 Qxa2 31. Kxg2 f4 32. Qxf4 Qxb2+ 33. Kh3
Qb6 34. Re7 f5 35. d5 Rf6 36. Re6 Rxe6 37. dxe6 Qc5 38. Qg5 Qe5 39. e7 Re8 40.
Re3 Qg7 41. Qxf5 Qh6+ 42. Kg4 Kg7 43. Re6 Qd2 44. Qe5+ Kg8 45. Kh5 Qg2 46. h4
Rxe7 47. Qb8+ Kf7 48. Rxe7+ Kxe7 49. Qc7+ Kf6 50. Qd6+ Kf5 51. Qd7+ Kf4 52.
Qd6+ Kf5 53. Qd7+ Kf4 54. Qd6+ Kf3 55. Qd3+ Kf4 56. Qd6+ 1/2-1/2